[Event "Bundesliga 0304"]
[Site "Germany"]
[Date "2004.04.25"]
[Round "15.7"]
[White "Vaganian, Rafael A"]
[Black "Fish, Gennadij"]
[Result "1/2-1/2"]
[WhiteElo "2623"]
[BlackElo "2509"]
[Annotator "Roiz,M"]
[PlyCount "52"]
[EventDate "2003.11.01"]
[EventType "team-tourn"]
[EventRounds "15"]
[EventCountry "GER"]
[SourceTitle "CBM 101"]
[Source "ChessBase"]
[SourceDate "2004.07.27"]
[SourceVersion "1"]
[SourceVersionDate "2004.07.27"]
[SourceQuality "1"]
[WhiteTeam "Porz"]
[BlackTeam "Bremer SG"]
[WhiteTeamCountry "GER"]
[BlackTeamCountry "GER"]

1. d4 Nf6 2. c4 e6 3. Nf3 b6 4. e3 (4. Nc3 Bb7 5. e3 d5 6. cxd5 exd5 7. Bb5+ c6
8. Bd3 Nbd7 9. O-O Be7 10. b3 O-O 11. Bb2 c5 12. dxc5 bxc5 13. Qe2 a6 14. Rfd1
Re8 15. Na4 Bd6 $132 {0-1 Kononenko,T-Galliamova,A/Warsaw 2001/CBM 82 ext (33)}
) 4... Bb7 5. Bd3 Be7 6. Nc3 d5 7. O-O O-O 8. cxd5 exd5 9. b3 c5 10. Bb2 Nbd7 {
Both sides have completed a comfortable development, and the typical
complicated position has arised. Usually white is trying to put a strong
pressure on black's central pawns by Rc1,Qe2 and Rfd1. Another common plan is
transfering the knight to g3 via e2 in order to provoke g7-g6 and to use a
power of Bb2. For example,see my comments to Palliser,R-Zhigalko,S/ EUCup 19th
Rethymnon 2003 [Roiz].} 11. dxc5 {Quite a rare move, which was played only
twice according to my database.} ({In my opinion, other possibilities are more
ambitious:} 11. Ne5 cxd4 ({In the next game of the match black failed to
improve with} 11... Nxe5 $6 12. dxe5 Ne4 13. Ne2 Rc8 14. Rc1 Rc7 15. Nf4 Qc8 (
15... Re8 16. Qc2 $16 {[%cal Gf1d1]}) (15... h6 16. e6 Qd6 17. Bxe4 dxe4 18.
Qg4 $16) 16. Qc2 {and white still had an endge; 1-0 Belikov,V-Baramidze,D/
Dortmund GER 2003/The Week in Chess 457 (37)} c4 (16... Qa8 17. f3 Ng5 18. h4
Ne6 19. Nxe6 fxe6 20. Bxh7+ $18) 17. bxc4 h6 18. f3 Ng5 19. Qe2 $16) 12. exd4 {
A symetrical position has arised, where white has the slightly more active
pieces, but black can force a favorable echanges which lead to equality.} Ne4
13. Qe2 Ndf6 $6 (13... Nxe5 14. dxe5 (14. Bxe4 dxe4 15. dxe5 Qd4 16. Rad1 Qxe5
17. Nd5 Qg5 18. Qxe4 $11) 14... Nxc3 15. Bxc3 d4 16. Bb2 Qd5 $11) 14. f3 Nxc3
15. Bxc3 Rc8 16. Bd2 $14 {1-0 Belikov,V-Baramidze,D/ Dortmund m 2003 [Gershon]}
) (11. Rc1 Rc8 12. Qe2 Qc7 13. Bf5 Qb8 14. dxc5 bxc5 15. Rfd1 Rc7 16. Na4 Bd6
17. Ba3 $16 {1-0 Tibensky,R-Jirovsky,P/Komarno 1997/EXT 98 (60)}) (11. Qe2 Re8
12. Rfd1 Nf8 13. Rac1 Ne6 14. Bb5 Rf8 15. Ba6 Qc8 16. Bxb7 Qxb7 17. dxc5 bxc5
18. Qb5 $14 {1-0 Hoi,C-Carlsen,M/Gausdal 2002/CBM 86 ext (55)}) 11... Nxc5 $5
$146 {Black is trying to prove that his activity will compensate a weakness of
Pd5. A standard plan of black in this type of positions is occupying the
central square e4 by Nf6 in order to play Be7-f6 and reaching an ideal
position for his minor pieces. Actually,it's not easy for white to prevent it.}
({Another reasonable continuation is:} 11... bxc5 12. Qe2 {[%cal Gd3a6]} Re8 (
12... a6 $5 {-see a mentioned game Kononenko,T-Galliamova,A/ Warsaw 2001}) 13.
Ba6 Qb6 14. Bxb7 Qxb7 15. Qb5 Nb6 {with a long strategical struggle.}) 12. Ne2
{It is necessary to free a long diagonal. The knight is well placed on
e2-later it can be placed either on f4 or g3. White's second knight will
occupy a key ''d4'' spot.} (12. Bf5 Nfe4 13. Nd4 g6 14. Bh3 Bf6 $11) 12... Nfe4
13. Nf4 Ne6 $2 {A serious mistake-now white gets a clear objects for an attack.
} ({After the simple} 13... a5 $142 14. Nd4 g6 15. Rc1 Bf6 $11 {black is not
worse.}) 14. Nxe6 (14. Nh5 g6 15. Ng3 Bf6 16. Bxf6 Qxf6 $11) 14... fxe6 15. Nd4
{[%csl Gb2,Re6] Now black has an obvious weaknesses,which can be easily
attacked by white.} Rf6 $8 {It is clear that such an uncomfortable defence of
Pe6 is not a good sign!} (15... Qd6 $2 16. Nb5 $1 Qd8 (16... Qd7 17. Bxe4 Qxb5
18. Qh5 $18) 17. Qg4 Rf7 18. Qxe6 $18) (15... Qd7 $2 16. Bxe4 dxe4 17. Nf5 $1
Rfd8 18. Nxg7 $18) 16. Rc1 (16. f4 $5 Bc5 $140 17. b4 $1 Bxb4 18. Bxe4 dxe4 19.
Qb3 $36) 16... Bd6 (16... Nc5 17. Bb1 Qe8 18. Qg4 $36) 17. f4 $1 {Neutralizing
the pressure of Bd6 over the diagonal b8-h2.Now black's position is quite
unpleasant, since he has no counterplay.} e5 $2 {Such a ''drastic'' decisions
can lead for a disaster-white prepared much better for it.} (17... Rh6 $142 18.
Nf3 (18. Qg4 Rg6) 18... Qe7 $14) 18. Bxe4 $2 {That leads to a lot of
simplifications,which are favourable for black.} ({Besides, white had a simple
opportunity of winning a material:} 18. Nc6 $1 Bxc6 (18... Qe8 19. Nxe5 $18)
19. Rxc6 Kh8 (19... Bc5 20. Rxf6 Bxe3+ 21. Kh1 Nxf6 (21... gxf6 22. Qg4+ Kh8
23. Bxe4 dxe4 24. fxe5 $18) 22. fxe5 Ne4 23. Qf3 Bc5 24. Bxe4 dxe4 25. Qxe4 $18
) 20. Bxe4 dxe4 21. Qc2 $1 (21. fxe5 $143 Rxf1+ 22. Kxf1 Qf8+ 23. Kg1 Bc5 24.
Bd4 Rd8 $16) 21... Qf8 22. Qxe4 $18) 18... dxe4 19. Nc2 {White is trying to
exchange the bishop and to reach a slight advantage.} (19. Nc6 Bxc6 20. Rxc6
Bc5 21. Rxf6 Qxd1 22. Rxd1 gxf6 23. fxe5 Bxe3+ 24. Kf1 fxe5 25. Bxe5 Kf7 26.
Ke2 Bc5 $11) ({after} 19. Nb5 Bc5 20. Rxc5 Qxd1 21. Rxd1 bxc5 22. Bxe5 Rb6 $13
{white has no more than a sufficient compensation.}) 19... exf4 $6 {It's clear
that black is trying to activate his bishops, but this sucrifice is not
correct.} ({There was nothing wrong with:} 19... Qe7 20. fxe5 Bxe5 21. Bxe5
Rxf1+ 22. Qxf1 Qxe5 23. Nd4 Rf8 24. Qc4+ Bd5 $11 {and white has no time for
penetration due to weakness of Kg1-that's why his advantage is only symbolic.})
20. Bxf6 Qxf6 21. exf4 (21. Qd4 $6 Qxd4 22. Nxd4 fxe3 $36) 21... Bxf4 $2 {
This move could be a decisive mistake!} ({The only way of play was:} 21... Rf8
$1 22. Qe2 Bxf4 23. Rcd1 Qc6 24. Ne3 $14 {[%cal Ge2c4] and white's chanses are
better, as he has already consolidated his position.}) 22. Qd7 $1 (22. g3 $2
Qc6 23. Rxf4 e3 24. Nxe3 Qh1+ 25. Kf2 Qxh2+ 26. Kf1 Re8 27. Qd7 Qh1+ (27...
Ba6+ 28. Rcc4 Bxc4+ 29. bxc4 $18) 28. Ke2 Rxe3+ 29. Kxe3 Qxc1+ 30. Qd2 Qg1+ 31.
Kd3 (31. Qf2 Qc1+ 32. Kd3 Ba6+ 33. Ke4 Qc6+ $11) 31... Qxg3+ 32. Kc2 h5 $13)
22... Bc6 $8 (22... Qh6 23. Rxf4 Qxf4 24. Rf1 Qb8 25. Rf7 $18) 23. Qg4 Rf8 24.
Rcd1 $2 {Missing a clear winning opportunity!} (24. g3 $1 Bxc1 25. Rxf6 Rxf6
26. Qc8+ Kf7 27. Nb4 $1 Be3+ 28. Kg2 Bb5 (28... Rf2+ 29. Kh3 Be8 30. Nd5 Bc5
31. Nc7 $18) 29. Qb7+ Kf8 30. Qa8+ Kf7 31. Qd5+ $18 {[%csl Rb5][%cal Gd5b5]})
24... Bb5 $1 {Winning the material back.} 25. g3 Bxf1 26. Rxf1 Qc6 {Now the
draw is completely unavoidable. A very interesting and complicated game!} (
26... Qc6 27. Rxf4 Rxf4 28. Qxf4 Qxc2 29. Qb8+ Kf7 30. Qxa7+ $11) 1/2-1/2

[Event "EU-ch 5th"]
[Site "Antalya"]
[Date "2004.05.16"]
[Round "2"]
[White "Mamedjarova, Zeinab"]
[Black "Aronian, Levon"]
[Result "0-1"]
[WhiteElo "2343"]
[BlackElo "2645"]
[Annotator "Roiz,M"]
[PlyCount "46"]
[EventDate "2004.05.15"]
[EventType "swiss"]
[EventRounds "13"]
[EventCountry "TUR"]
[SourceTitle "CBM 101"]
[Source "ChessBase"]
[SourceDate "2004.07.27"]
[SourceVersion "1"]
[SourceVersionDate "2004.07.27"]
[SourceQuality "1"]

1. d4 Nf6 2. c4 e6 3. Nf3 b6 4. e3 Bb7 5. Bd3 d5 6. O-O a6 $5 {An interesting
alternative to the main lines with 6...Bd6 or 6...Be7. Black wants to get a
Queen's Gambit Accepted type of positions, which is not bad at all, as white
has already spent a tempo for developing his bishop. On the other hand, a7-a6
is always a useful move in that system anyway - it prevents a possible
exchange of Bb7 by Bd3-a6 and takes an important square b5 under control.} 7.
Qe2 (7. b3 Bd6 8. Bb2 O-O 9. Nc3 Nbd7 {leads to one of the most popular lines
of E14.}) 7... Nbd7 ({Here black had an opportunity of getting a common line
by:} 7... dxc4 8. Bxc4 Nbd7 {with a very complicated play.} ({or} 8... c5 $5))
8. b3 {That move leads finally to one of the main lines.} Bd6 9. Bb2 O-O 10.
Ne5 {This move is probably not dangerous - the exchanges are favourable for
black.} (10. Nbd2 Ne4 11. Rad1 (11. Rfd1 f5 12. Ne5 Nxd2 13. Rxd2 dxc4 14. Bxc4
Qe8 15. Nxd7 Qxd7 16. f3 b5 $11 {1-0 Holm,S-Kavalek,L/Germany 1980/EXT 97-B 
(55)}) 11... Qe7 12. Nb1 dxc4 13. bxc4 e5 14. Qc2 exd4 15. exd4 Ng5 16. Nxg5
Qxg5 $11 {0-1 Huebner,R-Dzindzichashvili,R/Wijk aan Zee 1979/MCD (57)}) (10.
Nc3 {seems to be the most energetical and quite the best.}) 10... c5 {A
standard reaction on white's last move. Now it's not easy for white to
stabilize the placement of Ne5.} (10... Qe7 11. f4 Ne4 12. Bxe4 dxe4 13. Nxd7
Qxd7 14. Nc3 Rad8 15. Rad1 Qe7 16. Qc2 f5 17. Ne2 h6 18. Rd2 $14 {1-0
Doettling,F-Kabatianski,A/Germany 1998/EXT 99 (51)}) 11. Nxd7 $146 {After that
move black doesn't faces any difficulties, as white has actually spent 2 moves
for an exchange, which is favourable for black.} (11. f4 Ne4 12. Nd2 Nxd2 13.
Qxd2 f5 14. Rac1 Nxe5 15. dxe5 Be7 16. Qe2 Qc8 17. h3 dxc4 18. bxc4 Qc6 $11 {
1/2-1/2 Kovacevic,V-Matanovic,A/Belgrade 1978/EXT 99 (40)}) 11... Nxd7 $11 12.
cxd5 ({Another possibility was:} 12. Nd2 cxd4 13. exd4 Nf6 14. Nf3 $11) 12...
exd5 13. dxc5 $2 {That is already a clear strategical mistake. The pawn
structure is stable,and white can always play dxc5 in order to put pressure on
black's central pawns. On the other hand,now black gets an excellent attacking
possibilities, as white hasn't completed development yet.} (13. Nd2 $142 Re8
14. Rac1 Qe7 15. Nf3 $11) 13... bxc5 {[%csl Gb7,Gd6][%cal Gd5d4]} 14. Bf5 (14.
Nd2 Re8 15. Qh5 (15. Nf3 d4 16. Rad1 Qf6 $36) 15... g6 16. Qh6 Be5 (16... Ne5
$5 17. Be2 Bf8 18. Qf4 Bg7 $15) 17. Bxe5 Nxe5 18. Bc2 d4 $36) 14... Re8 {
All black's pieces are into the game, so d5-d4 seems to be very strong.} 15.
Rd1 {White is playing with a fire! His monarch is in a great danger, as there
is no defenders at all. That's why it was necessary to bring Nb1 to defend on
Kg1.} ({Black is ahead in the development,so any combinations like} 15. Bxg7
Kxg7 16. Qg4+ Kh8 17. Bxd7 Rg8 18. Qh3 Be5 $17 {are dangerous only for white.})
({but after} 15. Nd2 Ne5 16. Rad1 Qg5 (16... d4 $6 17. Be4) (16... Qh4 17. g3
Qg5 18. Bh3 $15 {[%cal Gh3g2]}) 17. Bc2 $15 {white has chanses for a
successful defence.}) 15... d4 16. Na3 $2 {Now the knight is too far from the
kingside.} ({There was a last chance for 16.Nd2:} 16. Nd2 Qh4 (16... Ne5 $6 17.
Ne4 $1 $132) 17. g3 Qe7 18. Nc4 Ne5 19. Nxe5 Qxe5 20. Qg4 g6 21. Bd3 h5 22. Qh4
$15 {and white has a defensible position.}) 16... Ne5 17. Bh3 $2 {Missing a
last opportunity of decreasing black's attacking potential.} ({The only way of
play was:} 17. Nc4 Nxc4 18. bxc4 Qe7 $17 {although black's advantage is very
serious.}) 17... Qh4 $19 {Black's attack is already decisive.} 18. Nc4 (18. Qf1
Re6 $19 {[%cal Ge6g6]}) 18... Nf3+ 19. Kh1 ({After} 19. Kf1 Bc7 $19 {white is
also completely hopeless.}) 19... Bxh2 20. Nd2 Ng1 $1 {An elegant final blow.}
21. Qg4 (21. Rxg1 Qxh3 22. e4 Qh6 $19) 21... Qxh3 22. Qxh3 Nxh3 23. Kxh2 Nxf2
0-1

[Event "Interzonal-16"]
[Site "Biel"]
[Date "1993.??.??"]
[Round "6"]
[White "Khalifman, Alexander"]
[Black "Yudasin, Leonid"]
[Result "1/2-1/2"]
[WhiteElo "2645"]
[BlackElo "2605"]
[Annotator "Schussler,H"]
[PlyCount "38"]
[EventDate "1993.07.16"]
[EventType "swiss"]
[EventRounds "13"]
[EventCountry "SUI"]
[SourceTitle "CBM 037"]
[Source "ChessBase"]
[SourceDate "1993.12.01"]
[SourceVersion "1"]
[SourceVersionDate "1993.12.01"]
[SourceQuality "1"]

1. d4 Nf6 2. c4 e6 3. Nf3 b6 4. e3 Bb7 5. Bd3 c5 6. O-O Be7 7. Nc3 cxd4 8. exd4
d5 9. cxd5 Nxd5 10. Ne5 O-O 11. Qh5 Nf6 (11... f5 $6 12. Bc4 $1 $16) (11... g6
$5 12. Qh3 Nxc3 $1 13. bxc3 Nc6 14. Ng4 $1 $14 {|^}) 12. Qh4 Nbd7 13. Rd1 (13.
Bg5 $6 h6 $1 14. Nxd7 (14. Bxh6 Nxe5 $1 15. dxe5 (15. Bxg7 Ng6 $1 {/\ Kg7})
15... Qxd3 16. Bg5 Qg6 $17) 14... Qxd7 15. Bxh6 gxh6 16. Qxh6 Qxd4 17. Qg5+ $10
) 13... Re8 $5 (13... Rc8 $2 14. Bg5 $16 {->}) (13... g6 $5) 14. Bf4 $6 (14.
Bb5 $142 $1 a6 (14... Rf8 15. Bg5) 15. Nc6 Bxc6 (15... Qc8 16. Nxe7+ Rxe7 17.
Bd3 $40 {>>}) 16. Bxc6 Ra7 17. Bf3 $14 {Yudasin,L}) 14... a6 $1 15. Nxd7 (15.
Bc2 $5 {Khalifman,A}) 15... Qxd7 16. Bg5 h6 $8 17. Bxh6 gxh6 18. Qxh6 Qd8 $1 {
/\ Bf8} 19. Qg5+ $8 Kf8 1/2-1/2

[Event "SUI-GP"]
[Site "Suhr"]
[Date "1991.??.??"]
[Round "6"]
[White "Nemet, Ivan"]
[Black "Landenbergue, Claude"]
[Result "1/2-1/2"]
[WhiteElo "2450"]
[BlackElo "2410"]
[Annotator "Schussler,H"]
[PlyCount "49"]
[EventDate "1991.03.??"]
[EventType "tourn"]
[EventRounds "9"]
[EventCountry "SUI"]
[EventCategory "8"]
[SourceTitle "CBM 022"]
[Source "ChessBase"]
[SourceDate "1991.06.01"]
[SourceVersion "1"]
[SourceVersionDate "1991.06.01"]
[SourceQuality "1"]

1. d4 Nf6 2. Nf3 e6 3. e3 b6 4. Bd3 Bb7 5. O-O c5 6. c4 Be7 7. Nc3 O-O 8. b3 d5
9. Bb2 Nc6 10. Rc1 Rc8 11. Qe2 cxd4 12. exd4 Qd6 13. Rfd1 Rfd8 14. Bb1 Qf4 15.
cxd5 exd5 16. g3 Qg4 17. Ne5 Qxe2 18. Nxe2 $10 g6 19. Nf4 Ne8 20. h4 Ng7 21.
Nxc6 Bxc6 22. Bd3 Bb7 23. Rxc8 Rxc8 24. Rc1 Rxc1+ 25. Bxc1 1/2-1/2

[Event "London WFW"]
[Site "London"]
[Date "1991.??.??"]
[Round "?"]
[White "Plaskett, H James"]
[Black "Arkell, Keith C"]
[Result "1-0"]
[WhiteElo "2480"]
[BlackElo "2450"]
[Annotator "Schussler,H"]
[PlyCount "47"]
[EventDate "1991.05.??"]
[EventType "tourn"]
[EventRounds "13"]
[EventCountry "ENG"]
[EventCategory "11"]
[SourceTitle "CBM 024"]
[Source "ChessBase"]
[SourceDate "1991.10.01"]
[SourceVersion "1"]
[SourceVersionDate "1991.10.01"]
[SourceQuality "1"]

1. Nf3 Nf6 2. d4 e6 3. e3 c5 4. Bd3 b6 5. O-O Bb7 6. c4 Be7 7. Nc3 cxd4 8. exd4
d5 {The main alternative is the passive but solid 8. - d6 - see CBM 24/game
534.} 9. cxd5 Nxd5 10. Ne5 O-O {Otherwise 11.Bb5+ will follow.} 11. Qg4 Nf6 12.
Qh4 {12.Qh3!? (Plaskett).} Nc6 $2 {12. - Nbd7! =} 13. Bg5 g6 (13... h6 14. Bxf6
Bxf6 15. Qe4 g6 16. Nxc6 Qc7 17. Qf3 Bg7 18. Be4 f5 19. Ne7+ $18) 14. Ba6 $1
$18 h6 (14... Nxe5 15. dxe5 Bxa6 16. exf6 $22 {17.Qh6 + -}) (14... Bxa6 15.
Nxc6 Qd7 16. Nxe7+ $18) 15. Bxh6 Nd5 16. Qh3 Nxc3 (16... Bxa6 17. Nxc6 Qd6 18.
Nxd5 exd5 19. Nxe7+ Qxe7 20. Bxf8 $18) 17. Bxb7 Ne2+ 18. Kh1 Ncxd4 19. Bxf8
Bxf8 20. Bxa8 Qxa8 21. Qe3 Qd5 22. Rae1 Bd6 23. f4 g5 24. Rxe2 {24. - gxf4 25.
Qxf4 + -} 1-0

[Event "San Francisco"]
[Site "San Francisco"]
[Date "1991.??.??"]
[Round "8"]
[White "Browne, Walter Shawn"]
[Black "Christiansen, Larry Mark"]
[Result "0-1"]
[WhiteElo "2500"]
[BlackElo "2590"]
[Annotator "Schussler,H"]
[PlyCount "124"]
[EventDate "1991.03.??"]
[EventType "tourn"]
[EventRounds "11"]
[EventCountry "USA"]
[EventCategory "12"]
[SourceTitle "CBM 023"]
[Source "ChessBase"]
[SourceDate "1991.08.01"]
[SourceVersion "1"]
[SourceVersionDate "1991.08.01"]
[SourceQuality "1"]

1. d4 Nf6 2. c4 e6 3. Nf3 Bb4+ 4. Nbd2 c5 5. a3 Bxd2+ 6. Qxd2 O-O 7. e3 {
More crucial than 7.dxc5 a5! 8.g3 a4, as in Hertneck,G-Christiansen,L, Munich
1991 (CBM 23, game 323). White just keeps the B-pair and a small but lasting
advantage.} b6 8. Be2 Bb7 9. O-O Qe7 10. b3 Rd8 11. Rd1 Nc6 12. Bb2 Na5 13. Qc2
Rac8 14. dxc5 bxc5 15. Bc3 Nc6 16. b4 $14 d6 17. b5 Nb8 18. a4 Nbd7 19. a5 Ne4
20. a6 Ba8 21. Ba5 Rf8 22. Nd2 f5 23. f3 Ng5 24. Nf1 Rf6 25. Ng3 Nf7 26. Bd2
Rg6 27. e4 fxe4 28. Nxe4 d5 29. Ng3 Nde5 30. Re1 Qh4 31. cxd5 exd5 32. Nf5 Qd8
33. Bf4 Kh8 34. Bg3 d4 35. Rad1 Re6 36. Bc4 Re8 37. Bxf7 Nxf7 38. Rxe8+ Qxe8
39. Qc4 Qd7 40. Ne3 Ng5 41. Ng4 Bd5 42. Qd3 Nf7 43. Ne5 Nxe5 44. Bxe5 Re8 45.
f4 Re6 46. Qf5 Kg8 47. h4 $2 Bxg2 48. Kh2 g6 49. Qc2 Bf3 50. Rf1 d3 51. Qd2 Be2
52. Rc1 Qxb5 $19 53. Qa2 Qxa6 54. Qd5 Qc6 55. Qa2 Qd7 56. Rb1 d2 57. Rb8+ Kf7
58. Rh8 d1=Q 59. Rxh7+ Ke8 60. Rh8+ Ke7 61. Rh7+ Kd8 62. Qa5+ Kc8 0-1

[Event "Denver op"]
[Site "Denver"]
[Date "2002.04.21"]
[Round "6"]
[White "Kacheishvili, Giorgi"]
[Black "Shabalov, Alexander"]
[Result "1/2-1/2"]
[WhiteElo "2584"]
[BlackElo "2606"]
[Annotator "Shabalov,A"]
[PlyCount "54"]
[EventDate "2002.04.??"]
[EventType "swiss"]
[EventRounds "6"]
[EventCountry "USA"]
[SourceTitle "CBM 089"]
[Source "ChessBase"]
[SourceDate "2002.08.12"]
[SourceVersion "1"]
[SourceVersionDate "2002.08.12"]
[SourceQuality "1"]

1. d4 Nf6 2. c4 e6 3. Nf3 b6 4. e3 Bb7 5. Bd3 d5 6. O-O c5 {The point of this
move order is to exchange on d4 early, before white "woke up", eventually
planning to play against hanging pawns.} 7. cxd5 {In the light of previous
comment,this move is the most exact reaction for white.} (7. b3 cxd4 8. exd4
Be7 9. Bb2 O-O 10. Nc3 Nc6 11. Rc1 Rc8 12. Re1 Bb4 13. a3 Bxc3 14. Bxc3 Ne7 15.
Ne5 Ng6 16. f3 $11 {0-1 Ambarcumjan,A-Shabalov,A/Seattle USA 2002/(62)}) 7...
exd5 8. Nc3 {Again, a little bit more precise than} (8. b3 Be7 9. Ba3 O-O 10.
Nc3 Nc6 11. Rc1 cxd4 12. Bxe7 Qxe7 13. exd4 Qb4 14. Qd2 Rfe8 15. Bb5 Re6 16.
Rfe1 Rxe1+ 17. Rxe1 a5 18. h3 h6 19. Rc1 Rc8 20. Bd3 Kf8 21. Bf5 Re8 22. Qf4 g5
23. Qd2 Ne4 24. Qb2 Ne7 25. a3 Qd6 26. Nb5 Qf4 27. Bxe4 dxe4 28. Ne5 e3 {
0-1 Gausel,E-Short,N/Ohrid MKD 2001/ (53). (53)}) 8... Bd6 $5 {This is a sheer
provokation.} (8... Be7 {led to a normal position.}) 9. dxc5 bxc5 10. Bb5+ {
Another direct attempt to punish black doesn't work either.} (10. e4 dxe4 11.
Bb5+ Nc6 (11... Kf8 $2 12. Bf4 $1) 12. Qa4 (12. Nxe4 Nxe4 13. Qa4 O-O 14. Qxe4
(14. Bxc6 Bxc6 15. Qxc6 Re8 16. Re1 Qf6) 14... Na5 15. Qg4 Bxf3 16. Qxf3 Bxh2+
17. Kxh2 Qb8+) 12... O-O 13. Bxc6 Bxc6 14. Qxc6 Rc8 15. Qa6 exf3 16. Rd1 Ne4
$15) 10... Nbd7 11. e4 d4 12. b4 {This is already a dogfight for equality.} ({
Nothing gives} 12. e5 Bxf3 13. Qxf3 Bxe5 14. Nd5 O-O 15. Bg5 h6) 12... O-O $1
13. bxc5 Nxc5 14. Qxd4 Ncxe4 15. Nxe4 $1 {This move starts the series of only
moves that allows white to hold.} (15. Bb2 Ng5 16. Ne5 a6 17. Ba4 Qb8 18. Nd1
Ne6 19. Qe3 Nd5 20. Qe1 Nc5 21. Bc2 Re8 $17) 15... Bxe4 16. Bb2 Rb8 {Black is
deliberately plays for more than a pawn in variation} (16... Qb8 17. Qa4 Bxf3
18. Bxf6 Bh5 19. Bg5 Bxh2+ 20. Kh1 Be5 $17) {.The decision he is soon going to
regret.} 17. a4 a6 18. Nd2 Bd5 19. Bc4 Rb4 {This is a pin black was playing
for and he is winning the material indeed. The resulting position however is
far from winning.} 20. Rfd1 Qc7 21. Bc3 Rxc4 22. Nxc4 Bxh2+ 23. Kh1 Bxc4 24.
Qh4 $1 {Excellent defensive move completely missed by black. He is lucky he
could still force a draw.} Bd6 25. Bxf6 gxf6 26. Rac1 Bf4 27. Rd4 Bxc1 1/2-1/2